000
00464nam a2200145Ia 4500
008
090122s9999 xx 000 0 und d
082
_b
6015
_a
808.899282
100
_a
दाते
_b
हेमंत
245
_a
निसर्ग बोलतोय भाग 1
600
_a
दाते
630
_a
निसर्ग बोलतोय भाग 1
700
_a
दाते
730
_a
निसर्ग बोलतोय भाग 1
942
_c
BOOK
999
_c
30092
_d
30092